[Event "Antofagasta Zicosur op 4th"]
[Site "Antofagasta"]
[Date "2019.01.09"]
[Round "9"]
[White "Lobos Astorga, Mario Rolando"]
[Black "Alvarez Vargas, German"]
[Result "0-1"]
[WhiteElo "1728"]
[BlackElo "2009"]
[PlyCount "51"]
[EventDate "2019.01.04"]
[EventType "swiss"]
[EventRounds "10"]
[EventCountry "CHI"]
[SourceTitle "CBM 190 Extra"]
[Source "ChessBase"]
[SourceDate "2019.07.15"]
[SourceVersion "1"]
[SourceVersionDate "2019.07.15"]
[SourceQuality "1"]

1. e4 e5 2. Nf3 Nc6 3. Bb5 a6 4. Bxc6 dxc6 5. 0-0 Bg4 6. h3 h5 7. d3 Qf6 8. Be3 Bd6 9. Nbd2 Ne7 10. Re1 Bxf3 11. Qxf3 Qe6 12. d4 0-0-0 13. dxe5 Bxe5 14. c3 Ng6 15. Nb3 Nh4 16. Qe2 g5 17. Nd4 Qf6 18. Nf3 g4 19. Nxe5 Qxe5 20. Bd4 Qg5 21. Bxh8 Nf3+ 22. Kh1 Nxe1 23. Rxe1 Rxh8 24. Qe3 Qd8 25. f4 gxh3 26. gxh3 0-1

[Event "Antofagasta Zicosur op 4th"]
[Site "Antofagasta"]
[Date "2019.01.08"]
[Round "6"]
[White "Garmendia Vega, Sofia"]
[Black "Lobos Astorga, Mario Rolando"]
[Result "0-1"]
[WhiteElo "1373"]
[BlackElo "1728"]
[PlyCount "52"]
[EventDate "2019.01.04"]
[EventType "swiss"]
[EventRounds "10"]
[EventCountry "CHI"]
[SourceTitle "CBM 190 Extra"]
[Source "ChessBase"]
[SourceDate "2019.07.15"]
[SourceVersion "1"]
[SourceVersionDate "2019.07.15"]
[SourceQuality "1"]

1. e4 c5 2. d4 cxd4 3. c3 Nf6 4. e5 Nd5 5. Nf3 d6 6. cxd4 e6 7. a3 Bd7 8. Bd3 Nc6 9. 0-0 Qb6 10. Bc2 Rc8 11. b4 a5 12. bxa5 Nxa5 13. Ba4 Bc6 14. Re1 Be7 15. exd6 Bxd6 16. Ne5 0-0 17. Nxc6 Nxc6 18. Be3 Qb2 19. Nd2 Nc3 20. Qb3 Nxa4 21. Qxa4 Ra8 22. Reb1 Qxb1+ 23. Rxb1 Rxa4 24. Rxb7 Rxa3 25. g3 Rb8 26. Rxb8+ Bxb8 0-1